01975cam a2200349 i 450000100090000000300040000900500170001300800410003001000170007102000500008804000380013804200080017605000230018408200220020710000290022924500880025825000120034626000390035830000300039733600260042733700280045333800270048149000540050850000740056250400510063652007940068765000230148165000230150465000340152765000260156165000380158721128257OSt20220411135117.0190812s2020 flu b 001 0 eng  a 2019033993 a9781604271607q(paperback ;qacid-free paper) aDLCbengcAIMIT LIBRARYerdadDLC apcc00aHD69.B87bC37 202000a658.401222bCHAJ1 aChampagne, Jamie,d1982-10aSeven steps to mastering business analysis :bthe essentials /cBy Jamie Champagne. a2nd ed. aUSA :bJ. Ross Publishing .c2020. axvii, 259p. ;c24 cm.bPB atextbtxt2rdacontent aunmediatedbn2rdamedia avolumebnc2rdacarrier0 aBusiness analysis professional development series aRevised edition of Seven steps to mastering business analysis, c2009. aIncludes bibliographical references and index. a"This volume in the Business Analysis Professional Development Series by leading expert and keynote speaker Jamie Champagne is the second edition of our number #1 best seller. It is an instructional text that will help relatively new analysts, and those expected who do business analysis work in addition to their main role, build their skill sets, master the essentials, and advance their careers. Since the content is aligned with the consensus-based business analysis standards of both the Project Management Institute (PMI) and the International Institute of Business Analysis (IIBA), as articulated in their respective guides and bodies of knowledge, this book continues to be an excellent reference for the PMI-PBA, ECBA, CCBA, and CBAP certification exams"--cProvided by publisher. 0aBusiness analysts. 0aBusiness planning. 0aOrganizational effectiveness. 0aBusiness Environment. 0aRequirements analysis Techniques.